000 00584nam a2200241Ia 4500
001 12198
003 GE_BSU
008 181216s||||||||xx |||||||||||||| ||und||
020 _a9785699406432
040 _cGE_BSU
080 _a821.161.1-31
100 _aПастернак,Борис
245 _aДоктор Живаго
245 _cРед.А.Корина
260 _aМосква
260 _bЭксмо
260 _c2014
300 _a624стр.20см.
300 _b1л. портрет
541 _h18Л.
653 _aДоктор Живаго
942 _cBK
999 _c45374
_d45374